| 000 | 00817nam a2200241Ia 4500 | ||
|---|---|---|---|
| 003 | GCL | ||
| 008 | 140319s9999 xx 000 0 ara d | ||
| 040 |
_aGCL / _cGCL |
||
| 082 | 0 | 4 |
_a301.4284 _bث ط |
| 100 | 1 | _aثروت محمد محمد شلبى | |
| 245 | 1 | 0 |
_aالطلاق والتغير الاجتماعى فى المجتمع السعودى ( دراسة ميدانية فى مدينه جدة) / _cثروت محمد محمد شلبى |
| 260 |
_aالقاهرة : _bالمكتب الجامعى الحديث ، _c1990 |
||
| 300 | _a333 ص | ||
| 490 | _a | ||
| 650 | 0 | 4 | _aالاسرة |
| 650 | 0 | 4 | _aالطلاق |
| 650 | 0 | 4 | _aالسعودية |
| 650 | 0 | 4 | _aالاجتماع |
| 650 | 0 | 4 | _aالحقوق الزوجية |
| 650 | 0 | 4 | _aالرجعة |
| 650 | 0 | 4 | _aالخلع ( الطلاق ) |
| 942 |
_2ddc _cBK |
||
| 999 |
_c27898 _d27898 |
||